Sporting Gijón Best Scorer By Year - Statistics

General Stats
  • This quiz has been taken 43 times
  • The average score is 5 of 26
Answer Stats
Player % Correct
Quini
85%
Diego Castro
45%
David Barral
39%
Antonio Sanabria
36%
Mate Bilić
33%
Enzo Ferrero
30%
Duje Čop
27%
Joaquín
27%
Julio Salinas
24%
Antonio Maceda
15%
Eloy
15%
Juanele
15%
Narciso Rodríguez
15%
Pier
9%
Abel Díaz
6%
Dmitri Cheryshev
6%
Fernando Gomes
6%
Monchu
6%
Xavier Escaich
6%
José Luis Ortiz
3%
José Prendes
3%
Luis Flores
3%
Milan Luhový
3%
Nacho
3%
Rafael Grau
3%
Vicente Iborra
3%
No matching quizzes found
Score Distribution
Percent of People with Each Score
Percentile by Number Answered
Your Score History
You have not taken this quiz